| 000 | 01249nam a22002897a 4500 | ||
|---|---|---|---|
| 003 | OSt | ||
| 005 | 20240312192125.0 | ||
| 008 | 210308b 2020 a 00| 0 spa d | ||
| 020 | _a9789945582888 | ||
| 040 |
_aDO-SdBNP _bspa _cBNPHU |
||
| 082 | 4 |
_a 737.074 _bB213e 2018-2020 _222 |
|
| 110 | 2 |
_aBanco Central de la República Dominicana. _bDepartamento Cultural _97006 |
|
| 245 | _aExposiciones temporales en el Museo Numismático y Filatélico, 2018-2020 | ||
| 260 |
_aSanto Domingo : _bBanco Central de la Repùblica Dominicana, _c2020 |
||
| 300 |
_a255 p. : _bil. ; _c23 cm |
||
| 490 |
_a Banco Central de la Repùblica Dominicana ; _v 273 |
||
| 490 |
_aNumismática y filatélica ; _v40 |
||
| 504 | _aBibliografía: p. 235-236 | ||
| 590 | _aInventariado, 2021 / DG | ||
| 610 | 2 | 0 |
_aMuseo Numismático y Filatélico del Banco Central (Banco Central de la República Dominicana) _956846 |
| 650 | 4 |
_aNumismática _zRepública Dominicana _973186 _vExposiciones _y2108-2020 |
|
| 650 | 4 |
_aSellos postales _zRepública Dominicana _978027 _vExposiciones _y2018-2020 |
|
| 830 |
_a Banco Central de la Repùblica Dominicana ; _n273 _979186 |
||
| 830 |
_aNumismática y filatélica ; _n18 _979187 |
||
| 910 | _a DG/Validado. Control de calidad MFF | ||
| 942 |
_2ddc _cLBS1 |
||
| 999 |
_c49507 _d49507 |
||